000 00642cam a2200205 a 4500
001 000008264
005 20200929161324.0
008 790710s1977 sp 001 j spa
020 _a8432503444
040 _aDO-SdBNP
_bspa
_cBNPHU
082 _a863.64
_bS132r
100 1 _aSaint Martín, Carmela,
_d1895-1989
_922396
245 1 4 _aLos rayos paralelos /
_cCarmela Saint Martín.
260 _aMadrid :
_bDoncel,
_c1977.
300 _a178 p. ;
_c18 cm.
490 1 _aEl libro de bolsillo Doncel
_vno. 138
650 4 _aCuentos españoles
_93194
650 4 _aLiteratura española
_9632
830 3 _aEl libro de bolsillo Doncel ;
_vno. 138
_98628
999 _c8035
_d8035